000 00821cam a22002413a 4500
001 10311
003 PGUSA
005 20140828083222.0
008 031101s2003||||xxu|||||s|||||000 | eng d
040 _aPGUSA
_beng
042 _adc
050 4 _aPS
100 1 _aEdison, Thomas A.
_q(Thomas Alva),
_d1847-1931
245 1 0 _aAround the World on the Phonograph
_h[electronic resource] /
_cThomas A. Edison
260 _bProject Gutenberg,
_c2003
500 _aRecorded c. late Oct. 1888 at West Orange, New Jersey or local vicinity. Believed to be the earliest existing recording of Thomas Edison's voice.
506 _aPublic domain in the USA.
516 _aElectronic text
653 _aVoyages, Imaginary
830 0 _aProject Gutenberg
_v10311
856 4 0 _uhttp://www.gutenberg.org/ebooks/10311
942 _cEB
999 _c239566
_d239566